Culture Générale - Série 2165 - Statistiques

Statistiques générales
  • Ce quiz a été pris 125 fois
  • Le résultat moyen est 5 sur 10
Statistiques - réponses
Question Réponse % Correct
Qui sont les "flingueurs" de Georges Lautner en 1963 ? tontons
91%
150 en chiffres romains CL
81%
Quel pays est surnommé la "Suisse de l'Amérique centrale" ? voir drapeau Costa Rica
70%
Que faut-il lâcher en 4 lettres pour négocier quelque chose ? lest
70%
Sous quel prénom et nom était plus connu le chanteur Michel Jean Hamburger ? Michel Berger
61%
Comment s'appelle le ballet-féerie de Tchaïkovski en deux actes, composé en 1891-1892 ? casse noisette
56%
Quel "Aristide" a écrit les paroles de "Nini peau d'chien" ? Bruant
44%
Quel quartier de Paris aime bien "Nini peau d'chien",selon les paroles de la chanson ? Bastille
28%
Quelle ville de la province allemande de Thuringe est performante dans le domaine de l'optique et de la chimie ? Iéna
14%
Conseil juridique au Moyen Age ? 5 lettres commençant par " p " plaid
1%
Aucun quiz correspondant
Distribution des résultats
% des personnes avec chaque résultat
Percentile par nombre de réponses
Votre historique - résultats
Vous n’avez pas pris ce quiz